000 00381 a2200109 4500
001 ART_43237
005 20260410161737.0
008 260409a
245 1 0 _aAnálisis integral de la rentabilidad
100 1 _aWajchman, Mauricio
773 0 _tEjecutivos de finanzas
_gLiderazgo ejecutivo. Cambios...en el cambio de siglo - Año 13, Nº 139 (sep. 1997)
_wREV2863
999 _c18437
_d18437